Nihon no zōsengyō /
Saved in:
| Corporate Author: | |
|---|---|
| Format: | Book |
| Language: | Japanese |
| Published: |
Tōkyō :
Tōyō Keizai Shinbunsha,
1959.
|
| Series: | Sangyō shirīzu ;
3. |
| Subjects: | |
| Tags: |
Add Tag
No Tags, Be the first to tag this record!
|
| LEADER | 00925cam a2200265Ii 4500 | ||
|---|---|---|---|
| 001 | 007778738-2 | ||
| 005 | 20060614115420.0 | ||
| 008 | 830124s1959 ja a 000 0 jpn | ||
| 010 | |a j 62000979 | ||
| 035 | 0 | |a ocm09157063 | |
| 040 | |a DLC |c OSU |d OSU |d OCL | ||
| 110 | 2 | |6 880-01 |a Seiji Keizai Kenkyūjo (Japan) | |
| 245 | 1 | 0 | |6 880-02 |a Nihon no zōsengyō / |c Seiji Keizai Kenkyūjo hen. |
| 260 | |6 880-03 |a Tōkyō : |b Tōyō Keizai Shinbunsha, |c 1959. | ||
| 300 | |a 237 p. : |b ill. ; |c 18 cm. | ||
| 490 | 1 | |6 880-04 |a Sangyō shirīzu ; |v 3 | |
| 650 | 0 | |a Shipbuilding |z Japan. | |
| 880 | 2 | |6 110-01 |a 政治経済研究所 (Japan) | |
| 880 | 1 | 0 | |6 245-02 |a 日本の造船業 / |c 政治経済研究所編. |
| 880 | |6 260-03 |a 東京 : |b 東洋経済新聞社, |c 1959. | ||
| 880 | 1 | |6 490-04 |a 産業シリーズ ; |v 3 | |
| 830 | 0 | |6 880-54 |a Sangyō shirīzu ; |v 3. | |
| 880 | 0 | |6 830-54 |a 産業シリーズ ; |v 3. | |
| 988 | |a 20020608 | ||
| 906 | |0 DLC | ||


